|
|
|
|
| LEADER |
00000nam2a2200000 4500 |
| 001 |
320136 |
| 005 |
20231102003240.0 |
| 035 |
|
|
|a (RuTPU)RU\TPU\book\345659
|
| 035 |
|
|
|a RU\TPU\book\345657
|
| 090 |
|
|
|a 320136
|
| 100 |
|
|
|a 20160624d1881 km y0rusy50 ca
|
| 101 |
0 |
|
|a rus
|
| 102 |
|
|
|a RU
|
| 105 |
|
|
|a a z 000zy
|
| 200 |
0 |
|
|a № 41: Кожевенное производство
|e практическое руководство для выделки разного рода юфти, подошвы полувальной (юфтовой), хлебной, спиртовой и соковой; мелкого товара, как-то: опойков, козлов, шагрени и опойков кидских (лайка для обуви),- а также для выделки перчатной лайки по французскому способу
|e в 3-х частях
|f М. А. Рылов
|
| 205 |
|
|
|a 2-е изд., вновь испр. и доп.
|
| 210 |
|
|
|a Санкт-Петербург
|c Типография брат. Пантелеевых
|c Издание редакции журнала "Технический сборник"
|d 1881
|
| 215 |
|
|
|a 278 с.
|c с 87 в тексте резанными на дереве политипажами и 2-мя табл. черт.
|
| 300 |
|
|
|a Приложение № 38 к журналу "Технический сборник"
|
| 316 |
|
|
|5 63413507: 489//264
|a Владельческий переплет "Реальн."
|
| 317 |
|
|
|5 63413507: 489//264
|a Поступила в НТБ в 1923-1924 г. по распоряжению Наркомпроса
|
| 327 |
0 |
|
|a Содерж.: История производства. Материалы производства. Обработка материалов. Классификация. Кирпич обыкновенный и огнеупорный. Терра-кота. Черепица. Плавильные тигли. Античные вещи. Гончарная посуда. Фаянс и белая посуда. Изразцы. Белая каменная посуда. Лакированный глиняный товар. Веджевудова посуда. Фарфор твердый и мягкий. Химическая посуда. Живопись на глиняных изделиях. Краски и их вжигание.
|
| 461 |
|
1 |
|0 (RuTPU)RU\TPU\book\344881
|t Технический сборник, журнал открытий, изобретений и усовершенствований по всем отраслям промышленности
|v № 41: Кожевенное производство
|d 1865-1883
|
| 606 |
1 |
|
|a Кожевенная промышленность
|2 stltpush
|3 (RuTPU)RU\TPU\subj\14646
|9 41008
|
| 610 |
1 |
|
|a кожа
|
| 610 |
1 |
|
|a библиотека Томского Алексеевского Реального Училища (ТАРУ)
|
| 610 |
1 |
|
|a кожевенное сырье
|
| 610 |
1 |
|
|a кожевенные материалы
|
| 610 |
1 |
|
|a кожевенное производство
|
| 610 |
1 |
|
|a кожевенно-обувные товары
|
| 610 |
1 |
|
|a кожаные изделия
|
| 675 |
|
|
|a 675
|v 4
|
| 700 |
|
1 |
|a Рылов
|b М. А.
|
| 801 |
|
1 |
|a RU
|b 63413507
|c 20160624
|
| 801 |
|
2 |
|a RU
|b 63413507
|c 20230327
|g RCR
|
| 942 |
|
|
|c BK
|